| 000 | 00518nam a2200157Ia 4500 | ||
|---|---|---|---|
| 008 | 170221s9999 xx 000 0 und d | ||
| 100 | _aHara Giannakopoulou | ||
| 245 | _aCreating Buzz by Using Media to Make School Gardens Communication Happen | ||
| 245 | _cHara Giannakopoulou, Constantina Skanavis | ||
| 260 | _bStudies in Media and Communication | ||
| 260 | _c2014 | ||
| 300 | _a34 : 18 | ||
| 650 | _xCommunication | ||
| 650 | _xMedia Arts | ||
| 856 | _uhttp://redfame.com/journal/index.php/smc/issue/view/48 | ||
| 999 |
_c310956 _d310956 |
||